| 000 | 00386pab a2200133 454500 | ||
|---|---|---|---|
| 008 | 180718b1986 xxu||||| |||| 00| 0 eng d | ||
| 100 | _aMcGurnaghan, Michael | ||
| 245 |
_aIntegrated operations and urban renewal _bThe Belfast experience 1981 - 85 |
||
| 260 | _c1986 | ||
| 300 | _a505-26 | ||
| 650 | _aWaste, Utilization of - U.K. | ||
| 773 | _aAdministration (Ireland) | ||
| 909 | _a20570 | ||
| 999 |
_c20570 _d20570 |
||